Тезисы докладов к научно-теоретической конференции по итогам исследовательской работы в 1968 году. [1]: Секции педагогических, общественных и физико-математических наук (Запись № 5854984)

Подробности
000 -МАРКЕР
контрольное поле 01569nam2a22002531 4500
001 - ИДЕНТИФИКАТОР ЗАПИСИ
контрольное поле rc\3504523
005 - ИДЕНТИФИКАТОР ВЕРСИИ
контрольное поле 20250610012819.0
021 ## - НОМЕР ГОСУДАРСТВЕННОЙ РЕГИСТРАЦИИ
Код страны Российская Федерация
Номер Рг16586-72
035 ## - ДРУГИЕ СИСТЕМНЫЕ НОМЕРА
Идентификатор записи (NLR Aleph) 007614684
100 ## - ДАННЫЕ ОБЩЕЙ ОБРАБОТКИ
Данные общей обработки 20130115d1969 |||y0rusy50 ca
101 0# - ЯЗЫК РЕСУРСА
Язык текста, звукозаписи и т.д. русский
102 ## - СТРАНА ПУБЛИКАЦИИ ИЛИ ПРОИЗВОДСТВА
Страна публикации Российская Федерация
105 ## - ПОЛЕ КОДИРОВАННЫХ ДАННЫХ: ТЕКСТОВЫЕ МАТЕРИАЛЫ, МОНОГРАФИЧЕСКИЕ
Кодированные данные о монографическом текстовом документе y z |||||
200 1# - ЗАГЛАВИЕ И СВЕДЕНИЯ ОБ ОТВЕТСТВЕННОСТИ
Основное заглавие Секции педагогических, общественных и физико-математических наук
210 ## - ПУБЛИКАЦИЯ, РАСПРОСТРАНЕНИЕ И ДР.
Дата издания, распространения и т.д. 1969
Место издания, распространения и т.д. Б. м.
215 ## - ФИЗИЧЕСКАЯ ХАРАКТЕРИСТИКА
Специфическое обозначение материала и объем [1], 181 с.
320 ## - ПРИМЕЧАНИЯ О НАЛИЧИИ В ДОКУМЕНТЕ БИБЛИОГРАФИИ / УКАЗАТЕЛЯ
Текст примечания Библиогр. в конце докладов
461 #0 - УРОВЕНЬ НАБОРА
Встроенное поле 001rc\3504522
-- 2001#$aТезисы докладов к научно-теоретической конференции по итогам исследовательской работы в 1968 году$fМ-во высш. и сред. спец. образ. БССР. Брест. гос. пед. ин-т им. А.С. Пушкина$v[1]
Системный номер (АБИС) связанной записи 5854978
Автор Брестский педагогический институт им. А. С. Пушкина. Научно-теоретическая конференция (1969)
Место публикации Брест
Дата публикации 1969
Первые сведения об ответственности М-во высш. и сред. спец. образ. БССР. Брест. гос. пед. ин-т им. А.С. Пушкина
Имя издателя, распространителя и т.д. Б. и.
Заглавие Тезисы докладов к научно-теоретической конференции по итогам исследовательской работы в 1968 году
Номер тома [1]
801 #0 - ИСТОЧНИК ЗАПИСИ
Страна Российская Федерация
Организация NLR
Правила каталогизации psbo
801 #1 - ИСТОЧНИК ЗАПИСИ
Страна Российская Федерация
Организация ELAR
Источник данных rusmarc
852 ## - МЕСТОНАХОЖДЕНИЕ И ШИФР ХРАНЕНИЯ
Идентификатор организации NLR
Шифр хранения (Call Number) 72-3/9138
942 ## - ДОПОЛНИТЕЛЬНЫЕ ЭЛЕМЕНТЫ ЗАПИСИ (АБИС)
Тип экземпляра АБИС Книга
980 ## - КОЛЛЕКЦИЯ
Название коллекции Национальная библиография
Экземпляры
Тип экземпляра Дата поступления Библиотека постоянного хранения Библиотека текущего хранения Место хранения Шифр хранения Штрих-код Статус экземпляра
Книга 26.10.2013 РНБ (Московский) РНБ (Московский) Русский книжный фонд: издания с 1957 года 72-3/9138 7614684-10